| 000 | 00527nam a2200193 4500 | ||
|---|---|---|---|
| 001 | 137720 | ||
| 003 | ES-MaACL | ||
| 005 | 20230906195428.0 | ||
| 007 | t| | ||
| 008 | 070214s1951 sp r ||||1| spa d | ||
| 100 | 1 |
_aSalgado, Pragmacio. _9101898 |
|
| 245 | 1 | 0 |
_aAgua de otoƱo / _cPragmacio Salgado. |
| 260 |
_aMadrid : _b[s. n.], _c1951 ( _fImp. Barrios) |
||
| 300 |
_a75 p. ; _c15 cm. |
||
| 490 | 1 | _aVersos del Sur | |
| 830 | 0 |
_aVersos del Sur _9220117 |
|
| 852 |
_aES-MaACL _jD-7979 _bR.32232 |
||
| 999 |
_c137720 _d137720 |
||